| 000 | 00444nam a2200181Ia 4500 | ||
|---|---|---|---|
| 008 | 210210b1912 xxu||||| |||| 00| 0 eng d | ||
| 041 | _aeng | ||
| 082 | _a513/37 | ||
| 100 | _aEDWARDS (J) | ||
| 245 | _aDifferential calculus for beginners | ||
| 260 |
_aLondon _bMacmillan & Co. Ltd. _c1912 |
||
| 650 | _afor | ||
| 650 | _aDifferential | ||
| 650 | _acalculus | ||
| 650 | _abeginners | ||
| 690 | _aDifferential Calculus | ||
| 906 | _a007317 | ||
| 999 |
_c139738 _d139738 |
||